• 首页
  • 本馆介绍
  • 公告通知
  • 最新文献
  • 馆藏检索
  • 电子资源
  • 读者导购
  • 参考咨询
  • 我的图书馆
  • 登录
  • 详细信息显示
  • 放入我的书架
  • 预约/预借图书
  • 作者相关作品
  • 分类相关作品
  • 丛书相关作品
  • 出版社相关作品

书目信息

  • 表格格式
  • 工作单格式
  • 卡片格式
题名:
中等收入阶层与居民消费
    
 
作者: 宋建 著
分册:  
出版信息: 上海   上海人民出版社  2019.07
页数: 224页
开本: 23cm
丛书名:
单 册:
中图分类: F126.1
科图分类:
主题词: 居民收入--ju min shou ru--关系--居民消费--研究--中国
电子资源:
ISBN: 978-7-208-15890-0
000 01105nam0 2200277 450
001 CAL 0120192817086
005 20230217093111.0
010    @a978-7-208-15890-0@dCNY48.00
100    @a20190821d2019 em y0chiy0120 ea
101 0  @achi
102    @aCN@b310000
105    @aak a 000yy
106    @ar
200 1  @a中等收入阶层与居民消费@Azhong deng shou ru jie ceng yu ju min xiao fei@d= Middle-income class and household consumption@f宋建著@zeng
210    @a上海@c上海人民出版社@d2019.07
215    @a224页@c图@d23cm
300    @a山东社会科学院出版基金资助
314    @a宋建, 山东大学经济学博士, 现任山东社会科学院助理研究员。
320    @a有书目 (第204-221页)
330    @a本书利用改革开放以来近30年的统计数据, 借助经济学模型和社会学理论等, 考察了中等收入阶层在扩大居民消费中的作用及原理, 并提出了具体的政策建议供相关部门参考。
510 1  @aMiddle-income class and household consumption@zeng
606 0  @a居民收入@Aju min shou ru@x关系@x居民消费@x研究@y中国
690    @aF126.1@v5
701  0 @a宋建@Asong jian@4著
801  0 @aCN@bBJXHZP@c20230228
905    @b1397804-7@dF126.1@e419@f4
    
    中等收入阶层与居民消费= Middle-income class and household consumption/宋建著.-上海:上海人民出版社,2019.07
    224页:图;23cm
    山东社会科学院出版基金资助
    
    ISBN 978-7-208-15890-0:CNY48.00
    本书利用改革开放以来近30年的统计数据, 借助经济学模型和社会学理论等, 考察了中等收入阶层在扩大居民消费中的作用及原理, 并提出了具体的政策建议供相关部门参考。
●
相关链接 在E读中查询图书 在五车中查询图书 在当当中查询图书 在豆瓣中查询图书


正题名:中等收入阶层与居民消费     索取号:F126.1/419         预约/预借

序号 登录号 条形码 馆藏地/架位号 状态 备注
1 1397804   213978043   第一样本阅览室/ [索取号:F126.1/419] 在馆    
2 1397805   213978052   第一借阅区/ [索取号:F126.1/419] 在馆    
3 1397806   213978061   第一借阅区/ [索取号:F126.1/419] 在馆    
4 1397807   213978070   第一借阅区/ [索取号:F126.1/419] 在馆    
唐山师范学院图书馆 欢迎您!
大连网信软件有限公司© 版权所有